Нужная машина; Нефть России; № 3
| Parent link: | Нефть России: аналитический журнал.— , 1996, 1999-2012 № 3.— 2003.— С. 32-33 |
|---|---|
| Jazyk: | ruština |
| Vydáno: |
2003
|
| Edice: | Машиностроение |
| Témata: | |
| Médium: | MixedMaterials Kapitola |
| KOHA link: | https://koha.lib.tpu.ru/cgi-bin/koha/opac-detail.pl?biblionumber=385810 |
MARC
| LEADER | 00000naa2a2200000 4500 | ||
|---|---|---|---|
| 001 | 385810 | ||
| 005 | 20231101063415.0 | ||
| 035 | |a (RuTPU)RU\TPU\prd\13996 | ||
| 090 | |a 385810 | ||
| 100 | |a 20030520a2003 k y0rusy50 ca | ||
| 101 | 0 | |a rus | |
| 102 | |a RU | ||
| 200 | 1 | |a Нужная машина | |
| 225 | 1 | |a Машиностроение | |
| 461 | 1 | |0 (RuTPU)RU\TPU\prd\1610 |t Нефть России |o аналитический журнал |d 1996, 1999-2012 | |
| 463 | 1 | |0 (RuTPU)RU\TPU\prd\12401 |t № 3 |v С. 32-33 |d 2003 | |
| 610 | 1 | |a "Святовит" | |
| 610 | 1 | |a экскаваторы | |
| 801 | 1 | |a RU |b 63413507 |c 20030520 |g PSBO | |
| 801 | 2 | |a RU |b 63413507 |c 20130801 |g RCR | |
| 942 | |c BK | ||